000 01152cam a2200277 a 4500
005 20160122183742.0
008 040701t 2000mx ado gr i000 0 spa d
015 _aNNN
020 _a9687913088
040 _aCO-BoPUJ
_cCO-BoIAVH
041 0 _aspa
043 _acl-----
082 0 4 _a333.716
_bB66p
100 1 _aBoege, Eckart
245 1 0 _aProtegiendo lo nuestro
_bmanual para la gestión ambiental comunitaria, uso y conservacióon de la biodiversidad de los campesinos indigenas de America Latina
_cEckart Boege ; colaboradores Porfirio Encino y Gustavo Ramirez
250 _a1a ed.
260 _aMexico, D.F.
_bPNUMA
_cc2000.
300 _a165 paginas. :
_bilustraciones., diagramas, fotos, graficas, mapas y tablas
_c21 cm.
650 2 4 _aConservacion de los recursos naturales
_zAmerica Latina
_vManuales
650 2 4 _aGestion ambiental
_zAmerica Latina
_vManuales
700 1 _aEncino, Porfirio
700 1 _aRamirez, Gustavo
710 2 _aInstituto Nacional Indigenista
710 2 _aFondo para el Desarrollo de los Pueblos Indigenas de America Latina y el Caribe
942 _2ddc
_cLIBRO
999 _c2390
_d2390